Pichai: the future of google (Record no. 1357)

MARC details
000 -LEADER
fixed length control field 00380nam a2200157Ia 4500
003 - CONTROL NUMBER IDENTIFIER
control field OSt
005 - DATE AND TIME OF LATEST TRANSACTION
control field 20231107170235.0
008 - FIXED-LENGTH DATA ELEMENTS--GENERAL INFORMATION
fixed length control field 230331s9999 xx 000 0 und d
020 ## - INTERNATIONAL STANDARD BOOK NUMBER
International Standard Book Number 9789351950615
082 ## - DEWEY DECIMAL CLASSIFICATION NUMBER
Classification number 338.761
Item number BHAP
100 ## - MAIN ENTRY--PERSONAL NAME
Personal name BHANVER, Jagmohan S.
245 #0 - TITLE STATEMENT
Title Pichai: the future of google
260 ## - PUBLICATION, DISTRIBUTION, ETC.
Place of publication, distribution, etc. Delhi
Name of publisher, distributor, etc. Fourth Estate
Date of publication, distribution, etc. 2016
300 ## - PHYSICAL DESCRIPTION
Extent 164
942 ## - ADDED ENTRY ELEMENTS (KOHA)
Koha item type Book
Source of classification or shelving scheme Dewey Decimal Classification
Holdings
Withdrawn status Lost status Source of classification or shelving scheme Damaged status Not for loan Collection code Home library Current library Shelving location Date acquired Cost, normal purchase price Inventory number Full call number Barcode Date last seen Price effective from Koha item type Public note
    Dewey Decimal Classification     Non-fiction RIC Library RIC Library General Stacks 03/31/2023 250.00 221/27.2.23 338.761 BHAP 000757 03/31/2023 03/31/2023 Book R-7.5

Venue

Rajasthan International Centre
Sansthan Path,JLN Marg, Jaipur- 302017
Phone: +91-7230904025